000 00512nam a22001937a 4500
003 OSt
005 20170310151406.0
008 170310b xxu||||| |||| 00| 0 eng d
020 _a0723433844
040 _c040a
082 _aWY 105
_bN541c 2004
100 _aNicol, Maggie
_911821
245 _aClinical nursing skills workbook /
_cMaggie Nicol
260 _aEdinburgh
_bMosby
_c2004
300 _avi, 137p;
_bill :
_c28 cm.
504 _aIncludes index
650 _aNursing skills
_96082
942 _2z
_cO_SHELF
999 _c5671
_d5671